000 00399nam a2200157Ia 4500
008 230524s9999 xx 000 0 und d
082 _a621.3899
_bRAO
100 _aNannapaneni Narayana Rao
245 0 _aElements of Engineering Electromagnetics
250 _a6TH
260 _aNEW DELHI
_bPHI
_c2007
300 _aXVI;812
500 _aQuantity Number: 2
650 _aElectrical
942 _cBK
999 _c37238
_d37238